Statystyki dla Trasa Warszawskiej linii autobusowej 134

Kliknij tutaj aby rozwiązać quiz!

Ogólne statystyki

  • Ten quiz został rozwiązany 7 razy
  • Średni wynik to 24 z 38

Statystyki odpowiedzi

DzielnicaPrzystanek% Poprawnych
ŻoliborzMetro Marymont
100%
ŻoliborzMetro Marymont
100%
Białołęka / TargówekOstródzka
100%
Białołęka / TargówekOstródzka
100%
TargówekBazyliańska
75%
BiałołękaBerensona
75%
TargówekGłębocka
75%
TargówekGłębocka
75%
BiałołękaJuranda ze Spychowa
75%
TargówekMetro Bródno
75%
TargówekMetro Bródno
75%
ŻoliborzOsiedle Potok
75%
ŻoliborzPark Kaskada
75%
ŻoliborzPark Kaskada
75%
TargówekPelcowizna
75%
Praga-PółnocPKP Toruńska
75%
Białołęka / TargówekToruńska
75%
BiałołękaWspółczesna
75%
BiałołękaZdziarska
75%
BiałołękaZdziarska-Kanał
75%
Białołęka / Praga-PółnocŻerań FSO
75%
BiałołękaBohuna
50%
TargówekKlub Sportowy Polonez
50%
BiałołękaMałego Rycerza
50%
BiałołękaMałych Dębów
50%
BiałołękaMańki-Wojdy
50%
BiałołękaMańkowska
50%
BiałołękaOlesin
50%
BiałołękaOstródzka-Szkoła
50%
BiałołękaRuskowy Bród
50%
BiałołękaRuskowy Bród-Szkoła
50%
TargówekSuwalska
50%
TargówekŚwiętego Hieronima
50%
TargówekTurmoncka
50%
BiałołękaJarzębinowa
25%
BiałołękaKrzemienna
25%
BiałołękaTymotki
25%
BiałołękaVerdiego
25%

Rozkład punktacji

Percentyl według liczby udzielonych odpowiedzi

Procent ludzi z każdym wynikiem

Twoja historia wyników

Nie rozwiązałeś tego quizu